000 00334nam a2200145Ia 4500
008 191201s2012 xx 000 0 und d
082 _a620.3
_bGRM
100 _aGROVER, G K
245 0 _aMechanical Vibrations
250 _aRep.
260 _aRoorki
_bNem Chand
_c2012
300 _a446
650 _aB.Tech(ME)
942 _2ddc
_cBK
_01
999 _c3881
_d3881